000 01229nam0a22002651 4500
001 rc\2768854
005 20250806204123.0
035 _a(NLR Aleph) 006895257
090 _a18687
_c18687
100 _a20110915d1941 u y0rusy50 ca
101 0 _arus
102 _aRU
105 _ay z |||||
200 1 _aОбязательные зоотехническо-ветеринарные правила по содержанию, уходу и кормлению сельскохозяйственных животных в колхозах ДАССР
_fСост... науч. работниками Дагестанск. опытной станции по животноводству т. С. И. Гусейновым, Д. Ф. Беловым
_gНар. ком. зем. ДАССР, Упр. животноводства
210 _aМахачкала
_cДаггиз
_d1941
215 _a32 с.
_d21 см.
700 1 _aГусейнов
_bС.И.
_gСаид Ибрагимович
701 1 _aБелов
_bД.Ф.
801 0 _aRU
_bNLR
_gpsbo
801 1 _aRU
_bELAR
_2rusmarc
852 _aNLR
_jВт02 Г-4/72
942 _cBOOK
945 _aРоссийская национальная библиотека
980 _aNB
980 _aBV